Statistics for Governors of Alaska by Picture

Click here to take the quiz!

General Stats

  • This quiz has been taken 5 times
  • The average score is 11 of 30

Answer Stats

Answer% Correct
Sarah Palin
100%
Frank Murkowski
75%
Wally Hickel
75%
Mike Dunleavy
50%
Bill Walker
50%
Sean Parnell
50%
Tony Knowles
50%
William A. Egan
50%
George Alexander Parks
25%
Steve Cowper
25%
Bill Sheffield
25%
Jay Hammond
25%
Keith H. Miller
25%
Ernest Gruening
25%
Jefferson C. Davis
25%
George K. Brady
25%
Thomas W. Riggs, Jr.
25%
John Franklin Alexander Strong
25%
Walter E. Clark
25%
Wilford Bacon Hoggatt
25%
John G. Brady
25%
James Sheakley
25%
Alfred P. Swineford
25%
John Henry Kinkead
25%
Joseph Coghlan
25%
Edward P. Lull
25%
Henry Glass
25%
Joseph B. Campbell
25%
John C. Tidball
25%
Scott Cordelle Bone
25%

Score Distribution

Percentile by Number Answered

Percent of People with Each Score

Your Score History

You have not taken this quiz